| 000 | 00457nam a22001217a 4500 | ||
|---|---|---|---|
| 082 | _a200 THE | ||
| 100 |
_aMuhammad Hanzalah Shahid _970505 |
||
| 245 | _aTH-SOF-1696-Optimization of Energy Harvesting Potentials of Flow Induced Vibrations For Micro Power Generation | ||
| 260 |
_aISLAMABAD _bNUST COLLEGE OF EME _c2019 |
||
| 650 |
_aMS-MECH-2015 MSTHESIS _969463 |
||
| 700 |
_aSupervisor Dr Imran Akhtar Dr Zafar Bangash Dr Tariq Talha _970506 |
||
| 942 | _cCF | ||
| 999 |
_c577481 _d577481 |
||